00540nam a2200145Ia 4500008004100000020001800041041000800059082001700067100003600084245017200120250000600292260006200298300001400360650002000374210716s2019 xx 000 0 und d a9789352138098 aeng a005.448 ARUJ aArundel, John;Domingus, Justin. aCloud native devops with kubernetes: building deploying and scaling modern applications in the cloud.bBuilding deploying and scaling modern applications in the cloud. a1 aMumbaibShroff Publishers and Distributors Pvt Ltdc2019 axxiii,317 aCloud Computing